Normal view
MARC view
Entry Personal Name
001 - CONTROL NUMBER
- control field: 25245
003 - CONTROL NUMBER IDENTIFIER
- control field: OSt
005 - DATE AND TIME OF LATEST TRANSACTION
- control field: 20210715143908.0
008 - FIXED-LENGTH DATA ELEMENTS
- fixed length control field: 210715|| aca||aabn | a|a d
040 ## - CATALOGING SOURCE
- Original cataloging agency: OSt
- Transcribing agency: OSt
100 ## - HEADING--PERSONAL NAME
- Personal name: Banerjee, Abhijit
670 ## - SOURCE DATA FOUND
- Source citation: Work cat.: (OSt)516401: Banerjee, Abhijit, E-governance, accountability, and leakage in public programs: Experimental evidence from a financial management reform in India
